LEADER 02165nam 2200469 450 001 000013976 005 20050718115500.0 010 $a3-540-50443-5 100 $a20030611d1988----km-y0itay0103----ba 101 0 $aeng 102 $aDE 200 1 $aApproximation and optimization$eproceedings of the international seminar held in Havana, Cuba, Jan. 12-16, 1987$fA. Gomez ... [et al.], eds. 210 $aBerlin [etc.]$cSpringer$dc1988 215 $aVI, 280 p.$d25 cm. 225 2 $aLecture notes in mathematics$v1354 410 0$12001$aLecture notes in mathematics 606 $aApprossimazione (Matematica)$xCongressi 606 $aOttimizzazione matematica$xCongressi 676 $a511.4$v(21. ed.)$9Approssimazioni e sviluppi 691 $a30-06$9Functions of a complex variable. Proceedings, conferences, collections, etc. 691 $a41-06$9Approximations and expansions. Proceedings, conferences, collections, etc. 691 $a49-06$9Calculus of variations and optimal control; optimization. Proceedings, conferences, collections, etc 691 $a65-06$9Numerical analysis. Proceedings, conferences, collections, etc. 691 $a42-06$9Fourier analysis. Proceedings, conferences, collections, etc. 691 $a42C05$9Nontrigonometric Fourier analysis. Orthogonal functions and polynomials, general theory 691 $a90C05$9Operations research, mathematical programming. Linear programming 691 $a93C05$9Systems theory; control. Control systems, guided systems. Linear systems 702 1$aGomez,$bJuan Alfredo 801 0$aIT$bUniversità della Basilicata - B.I.A.$gRICA$2unimarc 912 $a000013976 996 $aApproximation and optimization$980106 997 $aUNIBAS BAS $aMONSCI BAS $aSCIENZE CAT $aEXT002$b01$c20030611$lBAS01$h1243 CAT $c20050601$lBAS01$h1755 CAT $abatch$b01$c20050718$lBAS01$h1052 CAT $c20050718$lBAS01$h1111 CAT $c20050718$lBAS01$h1141 CAT $c20050718$lBAS01$h1155 FMT Z30 -1$lBAS01$LBAS01$mBOOK$1BASA2$APolo Tecnico-Scientifico$2GEN$BCollezione generale$3MAT$660943$5S60943$820030611$f51$FRiservati LEADER 01342nam0-2200349-#-450- 001 990001131920203316 005 20030218103052.0 035 $a000113192 035 $aUSA01000113192 035 $a(ALEPH)000113192USA01 035 $a000113192 100 $a20030218d1993----km-y0enga50------ba 101 0 $aita 102 $aIT 105 $ay|||z|||001yy 200 1 $aNorme italiane per il controllo delle sostanze tensioattive$eN.S.T.$fCommissione tecnica per le industrie degli oli vegetali, grassi vegetalu ed animali, delle proteine vegetali, degli oli minerali, dei colori e vernici, dei detergenti e tensioattivi, dei prodotti cosmetici e di igiene personale 205 $a2. ed 210 $aMilano$cStazione sperimentale per le industrie degli oli e dei grassi$d1993 215 $a1 v. a fogli mobili$d30 cm 606 0 $aAgenti tensioattivi$xControllo sanitario 676 $a363.19 801 0$aIT$bSalbc$cISBD 912 $a990001131920203316 951 $a363.19 NOR$b3197 FAR$c363$d00077328 959 $aBK 969 $aFAR 979 $aCHIARA$b90$c20030218$lUSA01$h1024 979 $aCHIARA$b90$c20030218$lUSA01$h1024 979 $aCHIARA$b90$c20030218$lUSA01$h1030 979 $aPATRY$b90$c20040406$lUSA01$h1718 996 $aNorme italiane per il controllo delle sostanze tensioattive$9980099 997 $aUNISA